Mathematics : frontiers and perspectives
Αποθηκεύτηκε σε:
| Άλλοι συγγραφείς: | |
|---|---|
| Μορφή: | Βιβλίο |
| Γλώσσα: | English |
| Δημοσίευση: |
Providence, R.I. :
American Mathematical Society,
c2000.
|
| Θέματα: | |
| Ετικέτες: |
Προσθήκη ετικέτας
Δεν υπάρχουν, Καταχωρήστε ετικέτα πρώτοι!
|
MARC
| LEADER | 00000cam a2200000 i 4500 | ||
|---|---|---|---|
| 001 | 1/13363 | ||
| 008 | 001124s2000 riu ||| | eng|| | ||
| 020 | |a 0821820702 | ||
| 035 | |l 10064592 | ||
| 040 | |a GR-MyUA |b gre |e AACR2 | ||
| 041 | 0 | |a eng | |
| 082 | 0 | |a 510 | |
| 245 | 1 | 0 | |a Mathematics : |b frontiers and perspectives / |c V. Arnold...[et al.], editors. |
| 260 | |a Providence, R.I. : |b American Mathematical Society, |c c2000. | ||
| 300 | |a xi, 459 σ. ; |b εικ. : |c 26 εκ. | ||
| 500 | |a At head of title: IMU ; International Mathematical Union. | ||
| 504 | |a Περιέχει βιβλιογραφικές αναφορές και ευρετήριο. | ||
| 650 | 0 | 0 | |a Mathematics. |
| 700 | 1 | |a Arnol'd, V. I. |q (Vladimir Igorevich), |d 1937-2010, |e edt | |
| 852 | |a INST |b SAMOS |e 20001124 |h 510 MAT |p 005300018354 |q 005300018354 |t BK |y 0 | ||
| 901 | |a BIBL3-2000-3 | ||
| 909 | |a Σ |b 082312 | ||
| 922 | |a 3ΕΛΗ |b 200010 |c ΤΣΑΕ/ΚΒ |d ΜΙΧΑΛΟΠΟΥΛΟΣ | ||
| 950 | |a 184-2000-09-12 | ||
| 970 | |a ΠΟΥΡΝΑΡΑΣ |b ΔΗΜΗΤΡΗΣ |z 2000/11/29 | ||